000 00608nam a22002297a 4500
001 55268
003 UA-OsUOA
005 20211105095002.0
007 ta
008 20080905b un ||||| |||| 00| 0 ukr d
040 _aUA-OsUOA
_brus
_cUA-OsUOA
_dUA-OsUOA
041 _arus
080 _a323.2(477)
090 _a323.2(477)
_bС89
245 _aСудьба режима, или Украина накануне пост-олигархического этапа
260 _aК.
_c2007
300 _a116 с.
505 _gТ. 2
650 7 _a32 Політика
_2UDC
942 _cBK
_2udc
955 _a4
999 _c341349
_d341349